Statistics for United Kingdom Overseas Territories

Click here to take the quiz!

General Stats

  • This quiz has been taken 9,703 times
    (9,694 since last reset)
  • The average score is 5 of 14

Answer Stats

Territory% Correct
The Falklands
78%
Gibraltar
60%
British Virgin Islands
58%
Bermuda
50%
Saint Helena, Ascension and Tristan da Cunha
35%
Cayman Islands
33%
South Georgia and the South Sandwich Islands
27%
Pitcairn Islands
26%
Turks and Caicos Islands
24%
Montserrat
23%
British Indian Ocean Territory
23%
British Antarctic Territory
23%
Anguilla
21%
Sovereign Base Areas of Akrotiri and Dhekelia
19%

Score Distribution

Percentile by Number Answered

Percent of People with Each Score

Your Score History

You have not taken this quiz since the last reset